000 00526cam a2200205ua 4500
001 11196
005 20260515114722.0
008 190903n ii |||gr||||Z||||||eng
020 _a9789386668271
040 _cMAIN
041 _aeng
082 _a339.01
100 _aN Gregory Mankiw,
_eAuthor.
245 _aPrinciples of macroeconomics
_cBy N Gregory Mankiw
250 _a7th ed.
260 _aUttar Pradesh:
_bCengage learning,
_c2019.
300 _a551p.
653 _aMacroeconomics & related topics
942 _cBK
999 _c10049
_d10049